008300000a22002170004500090001400000245009300014650002400107650001700131650003300148650002600181650003200207653003900239653003100278041001300309700003100322100002800353942001300381773004600394999001700440952015500457 aARb0348310aDifferences in post-diapause thermal requirements for eggs of two rangeland grasshoppers14aEntomología9448314aClima99277914aReproducción animal98777014aAcridiología99669014aDinámica poblacional9608 gMelanopluseMelanoplus sanguinipes gCamnulaeCamnula pellucida0 aInglés1 aSánchez, Norma A.9971061 aKemp, William P.996665 cARTICULO1 tCanadian Entomologistq653-661d1987g119 c12533d12533 001040718HEMEROTECAaBogotabBogotad2015-02-27hFuera de circulaciónl0oAR 03483p014403r2015-03-25 00:00:00w2015-03-25xDonaciónyARTICULO